000 00957nas a2200289 4500
001 BR2012003269
003 BR-BrBNA
005 20231205120529.0
007 ta
008 230509b bl.|||p| |||| 00| 00por d
040 _aBR-BrBNA
_bpor
_cBiblioteca Nacional de Agricultura
041 _a(Pt)
072 _aF60; F06
100 1 _aPaes, H.M.F.
100 1 _aEsteves, B. dos S.
100 1 _aSousa, E.F. de
245 1 _aDeterminação da demanda hídrica do quiabeiro em Campos dos Goytacazes, RJ
246 1 _aDetermination of water requirement of okra in Campo dos Goytacazes, RJ
650 _aQUIABO
650 _aABELMOSCHUS ESCULENTUS
650 _aEVAPOTRANSPIRAÇÃO
650 _aTRANSPIRAÇÃO VEGETAL
650 _aRELAÇÃO ÁGUA-PLANTA
773 0 _tRevista Ciência Agronômica (Brazil)
_xISSN 0045-6888
_g(Apr-Jun 2012), v. 43(2) p. 256-261
_wBR2012003269
909 _a202311
_bLúcia
_c55
_dLúcia Elande
942 _2AGRIS
_n0
_cANA
999 _c218979
_d218979